000 00523nam a2200193Ia 4500
005 20250508150637.0
008 008 250505s9999 xx 000 0 eng d
037 _aTextual
040 _aFEDL
_beng
_cFEDL
041 _aeng
_2eng
084 _a370.1, DOR
_qFEDL
100 _aDoren Mark Van
245 0 _aLiberal education
260 _aNew York, USA
_bHenry Holt and Company
_c1945
300 _ax,186p
650 _aEducation - Philosophy
942 _cTEXL
_h370.1, DOR
999 _c1324773
_d1324773